000 01263cam a2200325 i 4500
999 _c61970
_d61970
001 61970
003 Mx-PuUPA
005 20220302080754.0
008 150121s2009 mx r 000 0 spa d
020 _a9786071700766
040 _aMx-PuUPA
_bspa
_cMx-PuUPA
_dMx-PuUPA
_erda
041 0 _aspa
245 0 3 _aEl terapeuta y sus errores :
_breflexiones sobre la terapia /
_cJacqueline Fortes de Leff, [editor] ; Flora Aurón Zaltzman, Ma. Enriqueta Gómez Fonseca, Jorge Pérez Alarcón
250 _aPrimera edición
264 4 _aMéxico, Ciudad de México :
_bEditorial Trillas ,
_c2009
300 _a183 páginas ;
_c24 cm.
336 _atexto
_2rdacontent
_btxt
337 _asin medio
_2rdamedia
_bn
338 _avolumen
_2rdacarrier
_bnc
650 4 _aPsicoterapia
700 1 _aFortes de Leff, Jacqueline,
_eautor
_eeditor
_99129
700 1 _aAurón Zaltzman, Flora,
_eautor
700 1 _aGómez Fonseca, Ma. Enriqueta,
_eautor
700 1 _aPérez Alancón, Jorge,
_eautor
942 _2ddc
_cLI
_h616.8914
_iT315